000 00354pab a2200157 454500
008 180718b2015 xxu||||| |||| 00| 0 eng d
100 _aRao, P.S.N.
245 _aSmart housing for smart cities
260 _c2015
300 _ap.25-28.
362 _aSep
650 _aUrban development
650 _aHousing
773 _aYojana
909 _a109384
999 _c109379
_d109379